| 000 | 01033cam a2200301 a 4500 | ||
|---|---|---|---|
| 001 | 15893765 | ||
| 003 | PILC | ||
| 005 | 20150506163143.0 | ||
| 008 | 090904s2009 ph a 001 0beng | ||
| 010 | _a 2009316852 | ||
| 020 | _a9789719194835 | ||
| 040 |
_aDLC _cDLC _dDLC |
||
| 042 | _alcode | ||
| 043 | _aa-ph--- | ||
| 050 | 0 | 0 |
_aHF 5616.P6 _b.D143 2009 |
| 100 | 1 | _aDalisay, Jr, Jose Y. | |
| 245 | 1 | 0 |
_aWash, only a bookkeeper : _ba biography of Washington Z. SyCip / _cby Jose Y. Dalisay, Jr. |
| 246 | 3 | 0 | _aBiography of Washington Z. SyCip |
| 260 |
_aMakati City : _bSGV Foundation and the AIM Scientific Research Foundation, _c2009. |
||
| 300 |
_axv, 304 pages : _bcolor illustrations ; _c25 cm. |
||
| 500 | _aIncludes appendix and index. | ||
| 600 | 1 | 0 |
_aSyCip, W. _q(Washington), _d1921- |
| 650 | 0 |
_aAccounting _zPhilippines _xHistory _y20th century. |
|
| 650 | 0 |
_aAccountants _zPhilippines _vBiography. |
|
| 906 |
_a7 _bcbc _corigode _d3 _encip _f20 _gy-gencatlg |
||
| 942 |
_2lcc _cBK |
||
| 999 |
_c283870 _d283870 |
||